LEADER 00834nam0-22002891i-450- 001 990001283810403321 035 $a000128381 035 $aFED01000128381 035 $a(Aleph)000128381FED01 035 $a000128381 100 $a20000920d1980----km-y0itay50------ba 101 0 $aeng 200 1 $aVariational Methods in Mathematics, Science and Engineering$fby Rektorys Karel 205 $a$a 210 $aDordrecht (NL)$cReidel$d1980 610 0 $aCalcolo delle variazioni e controllo ottimale 700 1$aRektorys,$bKarel$013940 801 0$aIT$bUNINA$gRICA$2UNIMARC 901 $aBK 912 $a990001283810403321 952 $a4-H-33$b20564$fMA1 959 $aMA1 962 $a49-01 962 $a49L10 996 $aVariational Methods in Mathematics, Science and Engineering$9340747 997 $aUNINA DB $aING01 LEADER 02120oam 2200565 450 001 9910707792403321 005 20161024144415.0 035 $a(CKB)5470000002466620 035 $a(OCoLC)886546962 035 $a(EXLCZ)995470000002466620 100 $a20140812d1974 ua 0 101 0 $aeng 135 $aurbn||||||||| 181 $ctxt$2rdacontent 182 $cc$2rdamedia 183 $acr$2rdacarrier 200 10$aChecklist of North American late Paleozoic coral species (Coelenterata, Anthozoa) /$fby William J. Sando 210 1$a[Reston, Va.] :$cUnited States Department of the Interior, Geological Survey,$d1974. 210 2$aWashington :$cUnited States Government Printing Office. 215 $a1 online resource (36 pages) 225 1 $aGeological Survey bulletin ;$v1387 300 $aTitle from title screen (viewed August 4, 2014). 300 $aAlso available online in PDF format from the U.S. Geological Survey Warehouse (http://pubs.er.usgs.gov/). 300 $a"A bibliographic compilation through 1973 of coral species described from the Mississippian, Pennsylvanian, and Permian rocks of North America." 320 $aIncludes bibliographical references (pages 26-36). 517 $aChecklist of North American late Paleozoic coral species 606 $aAnthozoa, Fossil 606 $aPaleontology$yPaleozoic 606 $aPaleontology$zNorth America 606 $aAnthozoa, Fossil$2fast 606 $aPaleontology$2fast 606 $aPaleozoic Geologic Period$2fast 607 $aNorth America$2fast 615 0$aAnthozoa, Fossil. 615 0$aPaleontology 615 0$aPaleontology 615 7$aAnthozoa, Fossil. 615 7$aPaleontology. 615 7$aPaleozoic Geologic Period. 700 $aSando$b William Jasper$01388705 712 02$aGeological Survey (U.S.), 801 0$bCOP 801 1$bCOP 801 2$bOCLCO 801 2$bOCLCF 801 2$bGPO 906 $aBOOK 912 $a9910707792403321 996 $aChecklist of North American late Paleozoic coral species (Coelenterata, Anthozoa)$93448931 997 $aUNINA